| 000 | 00475cam a2200169 i 4500 | ||
|---|---|---|---|
| 020 | _a0471276936 : | ||
| 040 | _cDLC | ||
| 082 | 0 | 0 | _a631 J.WI 1981 A106 Or. |
| 245 | 0 | 4 | _aThe Chemistry of soil processes / |
| 260 |
_aChichester [Eng.] ; _aNew York : _bJ. Wiley, _cc1981. |
||
| 300 |
_axiii, 714 p. : _bill. ; _c24 cm. |
||
| 500 | _a"A Wiley-Interscience publication." | ||
| 650 | 0 | _aSoil chemistry. | |
| 700 | 1 | _aGreenland, D. J. | |
| 700 | 1 | _aHayes, M. H. B. | |
| 942 | _cEK | ||
| 999 |
_c16531 _d16531 |
||